Al borde de la tormenta : (Registro nro. 7126)

Detalles MARC
000 -LIDER
fixed length control field 01040nam a2200265 a 4500
001 - NÚMERO DE CONTROL
Identificador de número de control 000028770
003 - IDENTIFICACDOR DE NÚMERO DE CONTROL
control field 000028770
005 - DATE AND TIME OF LATEST TRANSACTION
control field 20210504084658.0
008 - ELEMENTOS DE LONGITUD FIJA
fixed length control field 110412s2010 dr 000 fdspa d
020 ## - ISBN
International Standard Book Number 9789945429275
040 ## - FUENTE DE CATALOGACIÓN
Agencia que crea de manera original el registro BPMSU
Idioma de catalogación spa
Agencia que realiza la transcripción BPMSU
082 ## - NÚMERO DE CLASIFICACIÓN DECIMAL DE DEWEY
Edition number
Classification number 972.93054
Item number V297a
100 1# - ASIENTO PRINCIPAL -- NOMBRE PERSONAL
Nombre personal Vargas Pimentel, Nicolás Américo
245 10 - MENCIÓN DE TITULO
Título Al borde de la tormenta :
Subtítulo diario de Santiago en la Guerra de Abril /
Mención de responsabilidad Nicolás Vargas.
260 ## - PUBLICACIÓN, DISTRIBUCIÓN, ETC. (PIE DE IMPRENTA)
Lugar de publicación, distribución, etc Santo Domingo :
Nombre del editor, distribuidor, etc. Suma de Letras,
Fecha de publicación, distribución, etc 2010.
300 ## - DESCRIPCIÓN FÍSICA
Extensión 301 p. ;
Dimensiones 24 cm.
500 ## - NOTA GENERAL
Nota general Incluye datos del autor en la en la solapa de la contracubierta.
590 ## - NOTA LOCAL
Enlace Inventariado, 2021/VM
651 #4 - ENCABEZAMIENTO DE MATERIA--NOMBRE GEOGRÁFICO
Nombre geográfico República Dominicana
Subdivisión temática general Historia
Subdivisión cronológica Revolución, 1965
Subdivisión temática general Correspondencia, memorias, etc.
651 #4 - ENCABEZAMIENTO DE MATERIA--NOMBRE GEOGRÁFICO
Nombre geográfico República Dominicana
Subdivisión temática general Historia
Subdivisión cronológica Ocupaciión Norteamericana, 1985-1966
Subdivisión temática general Correspondencia, memorias, etc.
910 ## - VALIDACIÓN
Validación VMateo /Validado. Control de calidad EMS.
942 ## - ADDED ENTRY ELEMENTS (KOHA)
Source of classification or shelving scheme Dewey Decimal Classification
Koha item type Libros
945 ## - INFORMACIÓN DE PROCESAMIENTO LOCAL
Información de procesamiento local Inventariado / 2017 VM
956 ## - LOCAL ELECTRONIC LOCATION AND ACCESS (OCLC)
Nombre de host VMATEO
Número de acceso 10
Información de compresión 20150721
Inicio de sesión BPMSU
Procesador de solicitud 0069
Existencias
Withdrawn status Lost status Source of classification or shelving scheme Damaged status Not for loan Collection code Home library Current library Date acquired Source of acquisition Total Checkouts Full call number Barcode Date last seen Price effective from Koha item type Copy number
    Dewey Decimal Classification     Colección Dominicana Biblioteca Pública Metropolitana Salomé Ureña Biblioteca Pública Metropolitana Salomé Ureña 07/14/2014 Editora Santillana   BPMSU CD 972.93054 V297a 2010 BPMSU15040519 07/14/2014 07/14/2014 Libros  
    Dewey Decimal Classification     Colección Dominicana Biblioteca Pública Metropolitana Salomé Ureña Biblioteca Pública Metropolitana Salomé Ureña 07/14/2014 Editora Santillana   BPMSU CD 972.93054 V297a 2010 BPMSU15040520 07/14/2014 07/14/2014 Libros e.2
    Dewey Decimal Classification     Colección Dominicana Biblioteca Pública Metropolitana Salomé Ureña Biblioteca Pública Metropolitana Salomé Ureña 07/14/2014 Editora Santillana   BPMSU CD 972.93054 V297a 2010 BPMSU15040521 07/14/2014 07/14/2014 Libros e. 3